[Event "IECC KO email"]
[Site "IECC email"]
[Date "2002.11.13"]
[Round "?"]
[White "Venturas, Bob"]
[Black "Spol, Chris"]
[Result "0-1"]
[WhiteElo "1164"]
[BlackElo "1123"]
[PlyCount "42"]
[EventDate "2002.??.??"]
[EventType "tourn (corr)"]
[EventRounds "6"]
[SourceTitle "Corr 2008"]
[Source "ChessBase"]
[SourceDate "2008.06.24"]
[SourceVersion "1"]
[SourceVersionDate "2008.06.24"]
[SourceQuality "1"]

1. e4 e6 2. d4 d5 3. exd5 exd5 4. Nf3 Bg4 5. Be2 Bd6 6. Nc3 c6 7. Bd2 Nf6 8. h3 Bh5 9. Bg5 0-0 10. 0-0 Nbd7 11. Qd2 Re8 12. Rae1 Qb6 13. b3 Bb4 14. Bxf6 Nxf6 15. a3 Ne4 16. Na4 Nxd2 17. Nxb6 Nxf3+ 18. gxf3 Bxe1 19. Nxa8 Rxe2 20. Nc7 Bxf3 21. Ne8 Rxe8 0-1

[Event "IECC KO email"]
[Site "IECC email"]
[Date "2002.02.17"]
[Round "?"]
[White "Hughes, Bernard"]
[Black "Spol, Chris"]
[Result "1-0"]
[WhiteElo "1029"]
[BlackElo "1162"]
[PlyCount "83"]
[EventDate "2002.??.??"]
[EventType "tourn (corr)"]
[EventRounds "6"]
[SourceTitle "Corr 2008"]
[Source "ChessBase"]
[SourceDate "2008.06.24"]
[SourceVersion "1"]
[SourceVersionDate "2008.06.24"]
[SourceQuality "1"]

1. d4 d5 2. Nf3 Nc6 3. e3 Bg4 4. Be2 e6 5. 0-0 Bd6 6. c3 Nf6 7. Nbd2 0-0 8. Re1 a5 9. Qc2 e5 10. Nxe5 Bxe2 11. Nxc6 bxc6 12. Rxe2 c5 13. e4 dxe4 14. Nxe4 cxd4 15. Bg5 d3 16. Nxf6+ Qxf6 17. Bxf6 dxc2 18. Bg5 a4 19. Rxc2 Ra5 20. Be3 Re8 21. Rd1 Rh5 22. h3 Rhe5 23. Rcd2 Kf8 24. Kf1 f5 25. Rd5 g6 26. Rxe5 Rxe5 27. Bf4 Rb5 28. Bh6+ Kf7 29. Rb1 Be5 30. Bd2 c6 31. b3 axb3 32. axb3 Ra5 33. c4 Ra1 34. Rxa1 Bxa1 35. Ke2 Ke6 36. Kd3 Be5 37. Bc3 Bd6 38. f3 c5 39. Kc2 f4 40. Kb2 Be5 41. Bxe5 Kxe5 42. Kc3 1-0

[Event "IECC KO email"]
[Site "IECC email"]
[Date "2002.02.17"]
[Round "?"]
[White "Spol, Chris"]
[Black "Hughes, Bernard"]
[Result "1-0"]
[WhiteElo "1152"]
[BlackElo "1039"]
[PlyCount "39"]
[EventDate "2002.??.??"]
[EventType "tourn (corr)"]
[EventRounds "6"]
[SourceTitle "Corr 2008"]
[Source "ChessBase"]
[SourceDate "2008.06.24"]
[SourceVersion "1"]
[SourceVersionDate "2008.06.24"]
[SourceQuality "1"]

1. e4 d5 2. exd5 Qxd5 3. Nc3 Qa5 4. d4 Nf6 5. Nf3 Bf5 6. Bd2 c6 7. Ne4 Qb6 8. Nxf6+ exf6 9. Qe2+ Be7 10. 0-0-0 0-0 11. Qxe7 Na6 12. Bxa6 Qxa6 13. a3 Qc4 14. Bc3 Rfe8 15. Qb4 Qxb4 16. Bxb4 a5 17. Bc5 Re2 18. Rd2 Rae8 19. Kd1 Rxd2+ 20. Kxd2 1-0

[Event "IECC TH-M email"]
[Site "IECC email"]
[Date "2002.02.08"]
[Round "?"]
[White "Klawitter, Bernd"]
[Black "Spol, Chris"]
[Result "1/2-1/2"]
[WhiteElo "1482"]
[BlackElo "1120"]
[PlyCount "31"]
[EventDate "2002.??.??"]
[EventType "match (corr)"]
[EventRounds "2"]
[SourceTitle "Corr 2008"]
[Source "ChessBase"]
[SourceDate "2008.06.24"]
[SourceVersion "1"]
[SourceVersionDate "2008.06.24"]
[SourceQuality "1"]

1. e4 e6 2. d4 d5 3. exd5 exd5 4. Nf3 Bg4 5. h3 Bh5 6. Be2 Bd6 7. 0-0 Nf6 8. b3 0-0 9. Bb2 c5 10. c4 Nc6 11. cxd5 Nxd5 12. dxc5 Bxc5 13. Ne5 Bxe2 14. Qxe2 Nxe5 15. Qxe5 Qf6 16. Nd2 1/2-1/2

[Event "IECC TH-T email"]
[Site "IECC email"]
[Date "2001.12.01"]
[Round "?"]
[White "Jeffrey, Jack Thomas"]
[Black "Spol, Chris"]
[Result "0-1"]
[WhiteElo "998"]
[BlackElo "1021"]
[PlyCount "86"]
[EventDate "2001.??.??"]
[EventType "match (corr)"]
[EventRounds "2"]
[SourceTitle "Corr 2008"]
[Source "ChessBase"]
[SourceDate "2008.06.24"]
[SourceVersion "1"]
[SourceVersionDate "2008.06.24"]
[SourceQuality "1"]

1. e4 e6 2. d4 d5 3. Nc3 Bb4 4. e5 Ne7 5. Bd2 Nbc6 6. Nf3 Nf5 7. Bb5 Bd7 8. Bxc6 Bxc6 9. 0-0 0-0 10. Re1 h6 11. a3 Ba5 12. a4 Bb6 13. Bc1 a5 14. b3 Be8 15. Ba3 Ne7 16. Qd3 f5 17. Bc1 Bh5 18. Rd1 c5 19. Re1 cxd4 20. Nxd4 Bxd4 21. Qxd4 Nc6 22. Qc5 Nb4 23. Rf1 Nxc2 24. Rb1 Rc8 25. Qd6 Qxd6 26. exd6 Rxc3 27. Bd2 Rc5 28. f3 Rd8 29. Bf4 g5 30. Be5 Nb4 31. Rbd1 Nc6 32. Bg3 f4 33. Bf2 Rc3 34. Rb1 Rxd6 35. Be1 Rc2 36. Bf2 Bg6 37. h3 Rxf2 38. Kxf2 Bxb1 39. Rxb1 Nb4 40. Rd1 d4 41. Rd2 d3 42. Ke1 Kf7 43. Kd1 Rc6 0-1

[Event "IECC CL7-2001.28"]
[Site "IECC email"]
[Date "2001.11.28"]
[Round "?"]
[White "Spol, Chris"]
[Black "Kowalski, Boleslaw"]
[Result "0-1"]
[WhiteElo "1069"]
[BlackElo "1069"]
[PlyCount "78"]
[EventDate "2001.??.??"]
[EventType "tourn (corr)"]
[EventRounds "4"]
[SourceTitle "Corr 2008"]
[Source "ChessBase"]
[SourceDate "2008.06.24"]
[SourceVersion "1"]
[SourceVersionDate "2008.06.24"]
[SourceQuality "1"]

1. e4 e5 2. Nf3 Nc6 3. Bb5 a6 4. Ba4 Nf6 5. Nc3 b5 6. Bb3 Be7 7. 0-0 b4 8. Nd5 Nxe4 9. Nxe7 Nxe7 10. Nxe5 d5 11. d3 Nc5 12. Bg5 Qd6 13. Bxe7 Kxe7 14. Re1 Be6 15. Qh5 g6 16. Qh6 Nxb3 17. axb3 c5 18. Qg7 Rag8 19. Nxf7 Qb6 20. Qxh8 Rxh8 21. Nxh8 Kf8 22. Re5 Bg8 23. Rae1 Kg7 24. Re8 Kxh8 25. Ra8 Kg7 26. Ree8 Bf7 27. Re7 Qa5 28. g3 Kf6 29. Raa7 Bg8 30. Rg7 Qb6 31. Kg2 d4 32. f4 Bd5+ 33. Kh3 Qe6+ 34. Kh4 Qe2 35. Rxh7 Qxh2+ 36. Kg4 Qe2+ 37. Kh4 Qe1 38. c4 Qh1+ 39. Kg4 Bf3# 0-1

[Event "IECC TH-T email"]
[Site "IECC email"]
[Date "2001.11.27"]
[Round "?"]
[White "Sadler, Kirk"]
[Black "Spol, Chris"]
[Result "1-0"]
[WhiteElo "1106"]
[BlackElo "1033"]
[PlyCount "41"]
[EventDate "2001.??.??"]
[EventType "match (corr)"]
[EventRounds "2"]
[SourceTitle "Corr 2008"]
[Source "ChessBase"]
[SourceDate "2008.06.24"]
[SourceVersion "1"]
[SourceVersionDate "2008.06.24"]
[SourceQuality "1"]

1. d4 Nf6 2. c4 g6 3. Nc3 d5 4. Nf3 Bg7 5. Bf4 Nc6 6. Nb5 0-0 7. Nxc7 Bg4 8. Nxa8 Qxa8 9. e3 dxc4 10. Bxc4 Nh5 11. Bg5 Rc8 12. Bb3 a5 13. 0-0 b5 14. a4 bxa4 15. Bxa4 Nb4 16. Bxe7 Bxf3 17. Qxf3 Qxf3 18. gxf3 Nd5 19. Ba3 Nhf6 20. Rac1 Rxc1 21. Rxc1 1-0

[Event "IECC TH-T email"]
[Site "IECC email"]
[Date "2001.11.27"]
[Round "?"]
[White "Spol, Chris"]
[Black "Lind, Anders"]
[Result "1/2-1/2"]
[WhiteElo "1035"]
[BlackElo "1221"]
[PlyCount "58"]
[EventDate "2001.??.??"]
[EventType "match (corr)"]
[EventRounds "2"]
[SourceTitle "Corr 2008"]
[Source "ChessBase"]
[SourceDate "2008.06.24"]
[SourceVersion "1"]
[SourceVersionDate "2008.06.24"]
[SourceQuality "1"]

1. d4 Nf6 2. c4 e5 3. dxe5 Ng4 4. Bf4 Nc6 5. Nf3 Bc5 6. e3 0-0 7. h3 Nh6 8. Bxh6 gxh6 9. Bd3 Kh8 10. Qc2 Nb4 11. Qc3 Nxd3+ 12. Qxd3 Rg8 13. 0-0 d5 14. cxd5 Bxh3 15. g3 Bxf1 16. Kxf1 Qc8 17. Kg2 Bb6 18. Nc3 Qg4 19. Ne4 Qf5 20. Nh4 Qxe5 21. Nc3 Rg4 22. Rh1 Re8 23. Nf5 Rg6 24. Nxh6 Qf6 25. Nf5 Re5 26. Rh5 Rg5 27. Rxg5 Qxg5 28. f4 Qxf5 29. e4 Qxf4 1/2-1/2

[Event "IECC TH-T email"]
[Site "IECC email"]
[Date "2001.11.27"]
[Round "?"]
[White "Spol, Chris"]
[Black "Sadler, Kirk"]
[Result "1/2-1/2"]
[WhiteElo "1036"]
[BlackElo "1118"]
[PlyCount "49"]
[EventDate "2001.??.??"]
[EventType "match (corr)"]
[EventRounds "2"]
[SourceTitle "Corr 2008"]
[Source "ChessBase"]
[SourceDate "2008.06.24"]
[SourceVersion "1"]
[SourceVersionDate "2008.06.24"]
[SourceQuality "1"]

1. d4 Nf6 2. c4 g6 3. Nc3 d5 4. Qb3 dxc4 5. Qxc4 Bg7 6. Nf3 0-0 7. Bf4 c6 8. e4 Be6 9. Qd3 Nbd7 10. a4 Qb6 11. Rb1 Bg4 12. Be2 Rad8 13. b4 Nh5 14. Be3 Qc7 15. Qc2 Nf4 16. Bxf4 Qxf4 17. g3 Qd6 18. e5 Qe6 19. Ng5 Qf5 20. Nce4 Bxe2 21. Qxe2 Nb6 22. a5 Nd5 23. 0-0 Rfe8 24. f4 a6 25. Rfc1 1/2-1/2

[Event "IECC CL8-2001.23"]
[Site "IECC email"]
[Date "2001.11.06"]
[Round "?"]
[White "Poade, Mat"]
[Black "Spol, Chris"]
[Result "0-1"]
[WhiteElo "926"]
[BlackElo "1038"]
[PlyCount "34"]
[EventDate "2001.??.??"]
[EventType "tourn (corr)"]
[EventRounds "4"]
[SourceTitle "Corr 2008"]
[Source "ChessBase"]
[SourceDate "2008.06.24"]
[SourceVersion "1"]
[SourceVersionDate "2008.06.24"]
[SourceQuality "1"]

1. e4 c6 2. d4 d5 3. exd5 cxd5 4. c4 Nf6 5. Bd3 Nc6 6. Be3 e5 7. Be2 exd4 8. Bxd4 dxc4 9. Bxf6 Qxf6 10. Bxc4 Bb4+ 11. Nc3 Bxc3+ 12. bxc3 Qxc3+ 13. Kf1 Qxc4+ 14. Ne2 0-0 15. g3 Bg4 16. h3 Rad8 17. Qxd8 Bxe2+ 0-1

[Event "IECC CL8-2001.23"]
[Site "IECC email"]
[Date "2001.11.06"]
[Round "?"]
[White "Spol, Chris"]
[Black "Mitchell, TT."]
[Result "1-0"]
[WhiteElo "1050"]
[BlackElo "896"]
[PlyCount "49"]
[EventDate "2001.??.??"]
[EventType "tourn (corr)"]
[EventRounds "4"]
[SourceTitle "Corr 2008"]
[Source "ChessBase"]
[SourceDate "2008.06.24"]
[SourceVersion "1"]
[SourceVersionDate "2008.06.24"]
[SourceQuality "1"]

1. e4 e6 2. d4 d5 3. Nc3 dxe4 4. Nxe4 f5 5. Ng5 h6 6. N5f3 c6 7. Ne5 Ne7 8. h3 Nd7 9. Ngf3 Nxe5 10. Nxe5 g6 11. Bc4 Bg7 12. Bf4 b5 13. Bb3 Bxe5 14. Bxe5 0-0 15. Qd2 Kh7 16. 0-0-0 Nd5 17. h4 Ne7 18. Bf4 Ng8 19. f3 a5 20. a3 a4 21. Ba2 Kh8 22. Bxh6 Rf7 23. Bg5 Qf8 24. h5 Rh7 25. hxg6 1-0